De amor y de sombra /
Guardado en:
| Autor Principal: | |
|---|---|
| Formato: | Libro |
| Publicado: |
Buenos Aires :
Sudamericana,
1994
|
| Series: | Contemporánea
|
| Materias: | |
| Etiquetas: |
Agregar Etiqueta
Sin Etiquetas, Sea el primero en etiquetar este registro!
|
| LEADER | 00746nam a22002295a 4500 | ||
|---|---|---|---|
| 001 | CEM.cems008532 | ||
| 008 | 130507s1994##################000#0#####d | ||
| 005 | 20240619080710.0 | ||
| 245 | 1 | 0 | |a De amor y de sombra / |c Isabel Allende |
| 260 | |a Buenos Aires : |b Sudamericana, |c 1994 | ||
| 300 | |a 316 p. | ||
| 490 | 0 | |a Contemporánea | |
| 020 | |a 9871138865 | ||
| 100 | 1 | |a Allende, Isabel | |
| 082 | 0 | 4 | |a Ch863.4 |
| 653 | |a Literatura | ||
| 653 | |a Literatura chilena siglo 20 | ||
| 653 | |a Novelas | ||
| 653 | |a Novela chilena siglo 20 | ||
| 859 | |a CEMS |b BIB. CEMS - Agricultura |h Ch863.4 |i AL53-6 |p A3600.23 |t Ej.1 | ||
| 859 | |a CEMS |b BIB. CEMS - 11 de abril |h Ch863.4 |i AL53 |p 18009.94 |t Ej.1 | ||
| 859 | |a CEMS |b BIB. CEMS - Agricultura |h Ch863.4 |i AL53 |p A3696.24 |t Ej.2 | ||
